Jednotné inkaso napříč Evropou
Cezhraničné inkaso ako ďalšia služba európskeho bankového a platobného styku - SEPA (Single Euro Payment Area). Jednotný platobný priestor pri platbách v eurách v 32 európskych krajinách. Jednotný formát prenosu a identifikácie dát. Nové pole "end-to-end reference". Zjednotenie operačných modelov bá...
Na minha lista:
| Autor principal: | |
|---|---|
| Formato: | Capítulo de Livro |
| Idioma: | tcheco |
| Assuntos: | |
| Tags: |
Sem tags, seja o primeiro a adicionar uma tag!
|
MARC
| LEADER | 00000naa$a2200000$$$4500 | ||
|---|---|---|---|
| 001 | 0112550 | ||
| 005 | 20231129093308.5 | ||
| 041 | 0 | |a cze | |
| 044 | |a CZ | ||
| 245 | 1 | 0 | |a Jednotné inkaso napříč Evropou |c Jaroslava Gregova |
| 520 | |a Cezhraničné inkaso ako ďalšia služba európskeho bankového a platobného styku - SEPA (Single Euro Payment Area). Jednotný platobný priestor pri platbách v eurách v 32 európskych krajinách. Jednotný formát prenosu a identifikácie dát. Nové pole "end-to-end reference". Zjednotenie operačných modelov bánk. | ||
| 610 | 2 | 0 | |a Európa |
| 610 | 2 | 0 | |a bankovníctvo |
| 610 | 2 | 0 | |a banky |
| 610 | 2 | 0 | |a operácie bankové |
| 610 | 2 | 0 | |a inkaso |
| 610 | 2 | 0 | |a styk zúčtovací medzinárodný |
| 610 | 2 | 0 | |a identifikácia automatická |
| 610 | 2 | 0 | |a systémy informačné |
| 610 | 2 | 0 | |a euro |
| 100 | 1 | |a Gregova, Jaroslava | |